[Event "Bundesliga 9495"]
[Site "Deutschland"]
[Date "1994.??.??"]
[Round "?.5"]
[White "Brendel, Oliver"]
[Black "Muse, Mladen"]
[Result "0-1"]
[WhiteElo "2370"]
[BlackElo "2455"]
[PlyCount "72"]
[EventDate "1994.10.??"]
[EventType "team"]
[EventRounds "15"]
[EventCountry "GER"]
[SourceTitle "Bundesliga 9495"]
[Source "DeepChess"]
[SourceDate "2005.01.01"]
[SourceVersion "1"]
[SourceVersionDate "2005.01.01"]
[SourceQuality "1"]
[WhiteTeam "SK Zaehringen 1921"]
[BlackTeam "SV Empor Berlin e.V."]
[WhiteTeamCountry "GER"]
[BlackTeamCountry "GER"]

1. e4 Nc6 2. Nf3 d6 3. d4 Bg4 4. d5 Nb8 5. c4 Nf6 6. Nc3 Nbd7 7. Be2 g6 8. Nd4
Bxe2 9. Qxe2 Bg7 10. Bg5 h6 11. Bh4 O-O 12. f4 Nh7 13. Nf3 c6 14. O-O cxd5 15.
cxd5 Nb6 16. Rad1 Rc8 17. e5 Nc4 18. Kh1 Re8 19. b3 Na3 20. Ne4 Qd7 21. e6 fxe6
22. Qd3 Nf8 23. dxe6 Qb5 24. Qe3 Nc2 25. Qf2 Qb6 26. Qg3 Ne3 27. Rde1 Nxf1 28.
Rxf1 Qe3 29. Nfd2 Qxg3 30. hxg3 Nxe6 31. f5 gxf5 32. Rxf5 Nd4 33. Ra5 a6 34.
Kh2 Rc2 35. Nc4 Nc6 36. Rh5 Re2 0-1

[Event "Bundesliga 9495"]
[Site "Deutschland"]
[Date "1994.??.??"]
[Round "?.6"]
[White "Poldauf, Dirk"]
[Black "Schuh, Hubert"]
[Result "1/2-1/2"]
[WhiteElo "2445"]
[BlackElo "2345"]
[PlyCount "30"]
[EventDate "1994.10.??"]
[EventType "team"]
[EventRounds "15"]
[EventCountry "GER"]
[SourceTitle "Bundesliga 9495"]
[Source "DeepChess"]
[SourceDate "2005.01.01"]
[SourceVersion "1"]
[SourceVersionDate "2005.01.01"]
[SourceQuality "1"]
[WhiteTeam "SV Empor Berlin e.V."]
[BlackTeam "SK Zaehringen 1921"]
[WhiteTeamCountry "GER"]
[BlackTeamCountry "GER"]

1. c4 c5 2. g3 g6 3. Bg2 Bg7 4. Nc3 Nc6 5. e3 e6 6. Nge2 Nge7 7. Nf4 O-O 8. O-O
a6 9. Rb1 b5 10. b3 Rb8 11. Bb2 bxc4 12. bxc4 Ne5 13. d3 Bb7 14. Ne4 Bxe4 15.
Bxe4 Qa5 1/2-1/2

[Event "Bundesliga 9495"]
[Site "Deutschland"]
[Date "1994.??.??"]
[Round "?.7"]
[White "Vatter, Hans Joachim"]
[Black "Volke, Karsten"]
[Result "1/2-1/2"]
[WhiteElo "2330"]
[BlackElo "2440"]
[PlyCount "94"]
[EventDate "1994.10.??"]
[EventType "team"]
[EventRounds "15"]
[EventCountry "GER"]
[SourceTitle "Bundesliga 9495"]
[Source "DeepChess"]
[SourceDate "2005.01.01"]
[SourceVersion "1"]
[SourceVersionDate "2005.01.01"]
[SourceQuality "1"]
[WhiteTeam "SK Zaehringen 1921"]
[BlackTeam "SV Empor Berlin e.V."]
[WhiteTeamCountry "GER"]
[BlackTeamCountry "GER"]

1. e4 c5 2. Nf3 e6 3. d4 cxd4 4. Nxd4 Nf6 5. Nc3 d6 6. Be3 Be7 7. f3 O-O 8. Qd2
Nc6 9. O-O-O a6 10. g4 Nd7 11. Kb1 Nde5 12. Be2 Na5 13. b3 b5 14. f4 Nec6 15.
Bf3 Nxd4 16. Qxd4 Qc7 17. Ne2 Rb8 18. g5 Bd7 19. c3 Nc6 20. Qd3 a5 21. Bc1 Rfc8
22. h4 Nd8 23. Bb2 Nb7 24. h5 Nc5 25. Qc2 Be8 26. Rdg1 a4 27. f5 axb3 28. axb3
exf5 29. exf5 Bc6 30. Bxc6 Qxc6 31. f6 Bf8 32. g6 hxg6 33. hxg6 Qe4 34. gxf7+
Kxf7 35. Qxe4 Nxe4 36. fxg7 Bxg7 37. Rh7 Rg8 38. Nd4 Nf6 39. Rf1 Rh8 40. Rxh8
Bxh8 41. Kc2 Ke8 42. Ra1 Nd7 43. Nf5 Be5 44. Rd1 Kd8 45. Ba3 Rc8 46. Bb4 Bxc3
47. Bxc3 b4 1/2-1/2

[Event "Bundesliga 9495"]
[Site "Deutschland"]
[Date "1994.??.??"]
[Round "?.8"]
[White "Stern, Rene"]
[Black "Gruenenwald, Joerg"]
[Result "1/2-1/2"]
[WhiteElo "2370"]
[BlackElo "2300"]
[PlyCount "35"]
[EventDate "1994.10.??"]
[EventType "team"]
[EventRounds "15"]
[EventCountry "GER"]
[SourceTitle "Bundesliga 9495"]
[Source "DeepChess"]
[SourceDate "2005.01.01"]
[SourceVersion "1"]
[SourceVersionDate "2005.01.01"]
[SourceQuality "1"]
[WhiteTeam "SV Empor Berlin e.V."]
[BlackTeam "SK Zaehringen 1921"]
[WhiteTeamCountry "GER"]
[BlackTeamCountry "GER"]

1. d4 Nf6 2. c4 g6 3. Nc3 Bg7 4. e4 O-O 5. Bd3 d6 6. Nge2 Nc6 7. O-O e5 8. d5
Nd4 9. Nxd4 exd4 10. Nb5 Re8 11. Re1 a6 12. Nxd4 Nxd5 13. cxd5 Bxd4 14. Qa4 Bf6
15. Qc2 Bd7 16. Be3 c5 17. dxc6 Bxc6 18. Rad1 1/2-1/2

[Event "Bundesliga 9495"]
[Site "Deutschland"]
[Date "1995.??.??"]
[Round "?.1"]
[White "Kuczynski, Robert"]
[Black "Rozentalis, Eduardas"]
[Result "1/2-1/2"]
[WhiteElo "2510"]
[BlackElo "2600"]
[PlyCount "30"]
[EventDate "1994.10.??"]
[EventType "team"]
[EventRounds "15"]
[EventCountry "GER"]
[SourceTitle "Bundesliga 9495"]
[Source "DeepChess"]
[SourceDate "2005.01.01"]
[SourceVersion "1"]
[SourceVersionDate "2005.01.01"]
[SourceQuality "1"]
[WhiteTeam "SV Erfurt West 90"]
[BlackTeam "SK Zaehringen 1921"]
[WhiteTeamCountry "GER"]
[BlackTeamCountry "GER"]

1. e4 e5 2. Nf3 Nf6 3. Nxe5 d6 4. Nf3 Nxe4 5. c4 Be7 6. d4 O-O 7. Bd3 Ng5 8.
Nc3 Nxf3+ 9. Qxf3 Nc6 10. Be3 Bf6 11. O-O g6 12. Qf4 Bg7 13. Rad1 Ne7 14. Qh4
Bf5 15. Bh6 Bxd3 1/2-1/2

[Event "Bundesliga 9495"]
[Site "Deutschland"]
[Date "1995.??.??"]
[Round "?.2"]
[White "Siegel, Georg"]
[Black "Casper, Thomas"]
[Result "1-0"]
[WhiteElo "2505"]
[BlackElo "2435"]
[PlyCount "67"]
[EventDate "1994.10.??"]
[EventType "team"]
[EventRounds "15"]
[EventCountry "GER"]
[SourceTitle "Bundesliga 9495"]
[Source "DeepChess"]
[SourceDate "2005.01.01"]
[SourceVersion "1"]
[SourceVersionDate "2005.01.01"]
[SourceQuality "1"]
[WhiteTeam "SK Zaehringen 1921"]
[BlackTeam "SV Erfurt West 90"]
[WhiteTeamCountry "GER"]
[BlackTeamCountry "GER"]

1. d4 Nf6 2. Nf3 d6 3. Bg5 Nbd7 4. e3 e5 5. c4 Be7 6. Nc3 c6 7. Be2 O-O 8. O-O
Ne8 9. Bxe7 Qxe7 10. b4 Nef6 11. c5 dxc5 12. dxc5 Re8 13. Bc4 Nf8 14. Qb3 h6
15. h3 Rd8 16. Rfd1 Rxd1+ 17. Rxd1 Bf5 18. Qb2 Ng6 19. Qb3 Nf8 20. Rd2 Ne4 21.
Nxe4 Bxe4 22. Qd1 a5 23. a3 axb4 24. axb4 Bxf3 25. Qxf3 Ra1+ 26. Kh2 e4 27. Qf5
g6 28. Qf4 Kg7 29. Rd4 Ne6 30. Rxe4 Qf6 31. Bxe6 fxe6 32. Qc7+ Qf7 33. Qe5+ Qf6
34. Qxe6 1-0

[Event "Bundesliga 9495"]
[Site "Deutschland"]
[Date "1995.??.??"]
[Round "?.3"]
[White "Jasnikowski, Zbigniew"]
[Black "Roos, Daniel"]
[Result "1/2-1/2"]
[WhiteElo "2425"]
[BlackElo "2450"]
[PlyCount "124"]
[EventDate "1994.10.??"]
[EventType "team"]
[EventRounds "15"]
[EventCountry "GER"]
[SourceTitle "Bundesliga 9495"]
[Source "DeepChess"]
[SourceDate "2005.01.01"]
[SourceVersion "1"]
[SourceVersionDate "2005.01.01"]
[SourceQuality "1"]
[WhiteTeam "SV Erfurt West 90"]
[BlackTeam "SK Zaehringen 1921"]
[WhiteTeamCountry "GER"]
[BlackTeamCountry "GER"]

1. d4 Nf6 2. c4 g6 3. Nf3 Bg7 4. g3 O-O 5. Bg2 d5 6. cxd5 Nxd5 7. O-O Nc6 8.
Nc3 Nb6 9. d5 Na5 10. Qc2 c6 11. dxc6 Nxc6 12. Rd1 Bf5 13. e4 Bd7 14. Qe2 Qc8
15. Be3 Bg4 16. Rac1 Qe6 17. h3 Bxf3 18. Bxf3 Ne5 19. Bg2 Nec4 20. Bd4 Bxd4 21.
Rxd4 Rfd8 22. Rxd8+ Rxd8 23. b3 Nd6 24. e5 Ne8 25. f4 Nc7 26. Rd1 Qc8 27. Rxd8+
Qxd8 28. Qe3 Qc8 29. Qc5 Qd7 30. Kh2 Ne6 31. Qb5 Qxb5 32. Nxb5 a6 33. Nc3 Nd8
34. Ne4 Nd7 35. Kg1 Kf8 36. Kf2 f5 37. Ng5 h6 38. Nf3 Nc5 39. Ke3 Ne4 40. Nh4
Nxg3 41. Nxg6+ Kf7 42. Nh4 Ke6 43. Bf3 Nc6 44. Kf2 Ne4+ 45. Bxe4 fxe4 46. Ke3
Kd5 47. Nf5 h5 48. h4 e6 49. Ng3 Nd4 50. Nxh5 Nf5+ 51. Kd2 Kd4 52. Nf6 Nxh4 53.
Ne8 Ng6 54. Nd6 Nxf4 55. Nxb7 e3+ 56. Kd1 Ke4 57. Nc5+ Kf3 58. b4 e2+ 59. Kd2
Kf2 60. Ne4+ Kf3 61. Nc5 Kf2 62. Ne4+ Kf3 1/2-1/2

[Event "Bundesliga 9495"]
[Site "Deutschland"]
[Date "1995.??.??"]
[Round "?.4"]
[White "Brendel, Oliver"]
[Black "Mueller, Mat"]
[Result "1/2-1/2"]
[WhiteElo "2385"]
[BlackElo "2375"]
[PlyCount "67"]
[EventDate "1994.10.??"]
[EventType "team"]
[EventRounds "15"]
[EventCountry "GER"]
[SourceTitle "Bundesliga 9495"]
[Source "DeepChess"]
[SourceDate "2005.01.01"]
[SourceVersion "1"]
[SourceVersionDate "2005.01.01"]
[SourceQuality "1"]
[WhiteTeam "SK Zaehringen 1921"]
[BlackTeam "SV Erfurt West 90"]
[WhiteTeamCountry "GER"]
[BlackTeamCountry "GER"]

1. e4 c5 2. Nf3 Nc6 3. d4 cxd4 4. Nxd4 Nf6 5. Nc3 d6 6. f3 e5 7. Nb3 Be7 8. Be3
Be6 9. Nd5 Bxd5 10. exd5 Nb4 11. c4 a5 12. Be2 O-O 13. Qd2 b6 14. O-O h6 15.
Nc1 Na6 16. Bd3 Nc5 17. Ne2 Nfd7 18. Ng3 Bg5 19. Bc2 g6 20. Rae1 Bxe3+ 21. Qxe3
Qg5 22. f4 exf4 23. Rxf4 Rae8 24. Ne4 Nxe4 25. Rxe4 Qxe3+ 26. R4xe3 Rxe3 27.
Rxe3 Ne5 28. Bd3 Rc8 29. Bf1 Kf8 30. Rb3 Rb8 31. Kf2 Ke7 32. Be2 Kd7 33. g4 f6
34. Rh3 1/2-1/2

[Event "Bundesliga 9495"]
[Site "Deutschland"]
[Date "1995.??.??"]
[Round "?.5"]
[White "Troyke, Christian"]
[Black "Maier, Christian"]
[Result "1/2-1/2"]
[WhiteElo "2355"]
[BlackElo "2360"]
[PlyCount "119"]
[EventDate "1994.10.??"]
[EventType "team"]
[EventRounds "15"]
[EventCountry "GER"]
[SourceTitle "Bundesliga 9495"]
[Source "DeepChess"]
[SourceDate "2005.01.01"]
[SourceVersion "1"]
[SourceVersionDate "2005.01.01"]
[SourceQuality "1"]
[WhiteTeam "SV Erfurt West 90"]
[BlackTeam "SK Zaehringen 1921"]
[WhiteTeamCountry "GER"]
[BlackTeamCountry "GER"]

1. g3 g6 2. Bg2 Bg7 3. d4 Nf6 4. e4 d6 5. Ne2 O-O 6. O-O e5 7. c4 exd4 8. Nxd4
Nbd7 9. Nc3 c6 10. h3 Re8 11. Re1 a5 12. Be3 Nc5 13. Qc2 a4 14. Rad1 Qa5 15.
Bf4 Ne6 16. Bxd6 Nxd4 17. Rxd4 Nd5 18. Rdd1 Nxc3 19. bxc3 Bxc3 20. Re3 Be5 21.
c5 a3 22. Bxe5 Rxe5 23. Rc3 Re8 24. Rb3 Qa4 25. Rd2 Ra7 26. Qc3 Be6 27. Rb4 Qa5
28. f4 Raa8 29. Rc2 Red8 30. g4 Rd3 31. Qxd3 Qxb4 32. Kh2 Qb1 33. Qd2 f6 34. f5
Bf7 35. h4 Qa1 36. Kh3 Kg7 37. Bf3 Qe5 38. Kg2 Ra4 39. Qd7 Rb4 40. h5 gxh5 41.
gxh5 Rb2 42. Rxb2 Qxb2+ 43. Kg3 h6 44. Bd1 Qxa2 45. e5 Qd5 46. e6 Qxd7 47. exd7
a2 48. d8=Q a1=Q 49. Qd7 Qe5+ 50. Kg2 Qxc5 51. Bb3 Qf8 52. Qxb7 Qe8 53. Be6 c5
54. Qc7 Kg8 55. Bxf7+ Qxf7 56. Qxc5 Qxh5 57. Qc8+ Kg7 58. Qc7+ Qf7 59. Qg3+ Kh7
60. Qf3 1/2-1/2

[Event "Bundesliga 9495"]
[Site "Deutschland"]
[Date "1995.??.??"]
[Round "?.6"]
[White "Schuh, Hubert"]
[Black "Voekler, Bernd"]
[Result "0-1"]
[WhiteElo "2345"]
[BlackElo "2350"]
[PlyCount "78"]
[EventDate "1994.10.??"]
[EventType "team"]
[EventRounds "15"]
[EventCountry "GER"]
[SourceTitle "Bundesliga 9495"]
[Source "DeepChess"]
[SourceDate "2005.01.01"]
[SourceVersion "1"]
[SourceVersionDate "2005.01.01"]
[SourceQuality "1"]
[WhiteTeam "SK Zaehringen 1921"]
[BlackTeam "SV Erfurt West 90"]
[WhiteTeamCountry "GER"]
[BlackTeamCountry "GER"]

1. Nf3 c5 2. c4 g6 3. g3 Bg7 4. Bg2 Nc6 5. O-O e5 6. Nc3 Nge7 7. Ne1 d6 8. Nc2
O-O 9. Ne3 f5 10. Ned5 Be6 11. d3 h6 12. a3 Kh7 13. Rb1 Qd7 14. b4 Rad8 15.
Nxe7 Qxe7 16. Nd5 Qd7 17. Bd2 b6 18. bxc5 dxc5 19. a4 Ne7 20. Nxe7 Qxe7 21. a5
Rd6 22. axb6 axb6 23. Qa4 Qc7 24. Rb3 h5 25. Rfb1 h4 26. gxh4 f4 27. Be4 Bf5
28. Bd5 Bd7 29. Qa6 b5 30. Qb7 Qxb7 31. Bxb7 bxc4 32. Rb6 Rxb6 33. Rxb6 Rb8 34.
Ba5 c3 35. Bxc3 Bc8 36. Rc6 Bxb7 37. Rc7 f3 38. Kf1 Bc8 39. Rxg7+ Kh6 0-1

[Event "Bundesliga 9495"]
[Site "Deutschland"]
[Date "1995.??.??"]
[Round "?.7"]
[White "Machelett, Heiko"]
[Black "Vatter, Hans Joachim"]
[Result "1-0"]
[WhiteElo "2315"]
[BlackElo "2345"]
[PlyCount "93"]
[EventDate "1994.10.??"]
[EventType "team"]
[EventRounds "15"]
[EventCountry "GER"]
[SourceTitle "Bundesliga 9495"]
[Source "DeepChess"]
[SourceDate "2005.01.01"]
[SourceVersion "1"]
[SourceVersionDate "2005.01.01"]
[SourceQuality "1"]
[WhiteTeam "SV Erfurt West 90"]
[BlackTeam "SK Zaehringen 1921"]
[WhiteTeamCountry "GER"]
[BlackTeamCountry "GER"]

1. d4 d6 2. Nf3 Bg4 3. g3 Bxf3 4. exf3 c6 5. Bg2 d5 6. O-O e6 7. f4 Ne7 8. Nd2
g6 9. Nf3 Bg7 10. c3 O-O 11. Ne5 a5 12. b3 Na6 13. Ba3 Re8 14. Re1 Nc7 15. Rc1
a4 16. bxa4 Nc8 17. Rb1 f6 18. Nd3 b5 19. Nc5 Nb6 20. a5 Nc4 21. Bb4 Bf8 22. a4
Bxc5 23. Bxc5 Rxa5 24. axb5 cxb5 25. Bf1 Qd7 26. Bxc4 bxc4 27. Rb7 Rb5 28. Qa4
Rc8 29. Bb6 Qe8 30. Rxc7 Rxb6 31. Qa7 Rxc7 32. Qxc7 Rb8 33. g4 Rc8 34. Qd6 Rd8
35. Rxe6 Rxd6 36. Rxe8+ Kf7 37. Rb8 h5 38. Rb7+ Ke6 39. f5+ gxf5 40. gxh5 f4
41. h6 Kf5 42. h7 Rd8 43. Rd7 Rh8 44. Rxd5+ Ke4 45. Rh5 f3 46. d5 Kf4 47. h3
1-0

[Event "Bundesliga 9495"]
[Site "Deutschland"]
[Date "1995.??.??"]
[Round "?.8"]
[White "Weidemann, Joerg"]
[Black "Fuhrmann, Daniel"]
[Result "1-0"]
[WhiteElo "2295"]
[BlackElo "2245"]
[PlyCount "55"]
[EventDate "1994.10.??"]
[EventType "team"]
[EventRounds "15"]
[EventCountry "GER"]
[SourceTitle "Bundesliga 9495"]
[Source "DeepChess"]
[SourceDate "2005.01.01"]
[SourceVersion "1"]
[SourceVersionDate "2005.01.01"]
[SourceQuality "1"]
[WhiteTeam "SK Zaehringen 1921"]
[BlackTeam "SV Erfurt West 90"]
[WhiteTeamCountry "GER"]
[BlackTeamCountry "GER"]

1. e4 c5 2. Nf3 e6 3. c3 d5 4. exd5 Qxd5 5. d4 Nf6 6. Bd3 cxd4 7. cxd4 Be7 8.
Nc3 Qd8 9. O-O Nc6 10. a3 O-O 11. Bc2 b6 12. Bf4 Ba6 13. Re1 Rc8 14. Rc1 Na5
15. Ne5 Nc4 16. Nxc4 Bxc4 17. Be5 Qd7 18. Re3 g6 19. Rh3 Bd5 20. Qd2 Rfe8 21.
Qh6 Qb7 22. Nxd5 Qxd5 23. Rf3 Nh5 24. Rxf7 Kxf7 25. Qxh7+ Kf8 26. Qh6+ Kg8 27.
Qxg6+ Kf8 28. Qh6+ 1-0

[Event "Bundesliga 9495"]
[Site "Deutschland"]
[Date "1995.??.??"]
[Round "?.1"]
[White "Schmittdiel, Eckhard"]
[Black "Gavrikov, Viktor"]
[Result "0-1"]
[WhiteElo "2485"]
[BlackElo "2600"]
[PlyCount "94"]
[EventDate "1994.10.??"]
[EventType "team"]
[EventRounds "15"]
[EventCountry "GER"]
[SourceTitle "Bundesliga 9495"]
[Source "DeepChess"]
[SourceDate "2005.01.01"]
[SourceVersion "1"]
[SourceVersionDate "2005.01.01"]
[SourceQuality "1"]
[WhiteTeam "SV Tuebingen 1870 e.V."]
[BlackTeam "SK Zaehringen 1921"]
[WhiteTeamCountry "GER"]
[BlackTeamCountry "GER"]

1. e4 c5 2. c3 d5 3. exd5 Qxd5 4. d4 Nc6 5. Nf3 Bg4 6. Be2 cxd4 7. cxd4 e6 8.
h3 Bh5 9. Nc3 Qa5 10. Qb3 Qb4 11. Qxb4 Bxb4 12. Be3 Nge7 13. a3 Bxc3+ 14. bxc3
O-O 15. Rc1 Rac8 16. g4 Bg6 17. Nh4 Nd5 18. Nxg6 hxg6 19. O-O Rfd8 20. Rfd1 Kf8
21. c4 Nxe3 22. fxe3 e5 23. Bf3 exd4 24. Bxc6 Rxc6 25. Rxd4 Rdc8 26. Rf1 f6 27.
Rff4 g5 28. Rfe4 Re8 29. Rxe8+ Kxe8 30. Kf2 Rc5 31. Kf3 b6 32. Ke2 Ra5 33. Rd3
Ra4 34. Rc3 Kd7 35. c5 b5 36. c6+ Kc7 37. Kd3 Ra6 38. Rb3 Kxc6 39. Ke4 g6 40.
Rc3+ Kd6 41. Rd3+ Ke6 42. Kf3 Rb6 43. Ke2 a5 44. Rd8 b4 45. axb4 axb4 46. Rd2
b3 47. Rb2 Ke5 0-1

[Event "Bundesliga 9495"]
[Site "Deutschland"]
[Date "1995.??.??"]
[Round "?.2"]
[White "Siegel, Georg"]
[Black "Horvath, Tamas"]
[Result "0-1"]
[WhiteElo "2505"]
[BlackElo "2410"]
[PlyCount "108"]
[EventDate "1994.10.??"]
[EventType "team"]
[EventRounds "15"]
[EventCountry "GER"]
[SourceTitle "Bundesliga 9495"]
[Source "DeepChess"]
[SourceDate "2005.01.01"]
[SourceVersion "1"]
[SourceVersionDate "2005.01.01"]
[SourceQuality "1"]
[WhiteTeam "SK Zaehringen 1921"]
[BlackTeam "SV Tuebingen 1870 e.V."]
[WhiteTeamCountry "GER"]
[BlackTeamCountry "GER"]

1. d4 Nf6 2. c4 e6 3. Nf3 Bb4+ 4. Nbd2 O-O 5. a3 Bxd2+ 6. Qxd2 b6 7. e3 Bb7 8.
Be2 d6 9. b4 a5 10. Bb2 Ne4 11. Qc2 axb4 12. axb4 Rxa1+ 13. Bxa1 Nd7 14. O-O
Ng5 15. Nd2 f5 16. f3 Qe7 17. Bc3 e5 18. d5 b5 19. e4 bxc4 20. Bxc4 fxe4 21.
fxe4 Rxf1+ 22. Nxf1 Nf6 23. Ng3 Bc8 24. Bd2 Nf7 25. Be2 g6 26. b5 Ne8 27. Nf1
Kg7 28. Qc4 Bd7 29. Ba5 Qd8 30. Ne3 Qb8 31. Be1 Qa7 32. Bf2 Qa1+ 33. Bf1 Qb1
34. Qd3 Qb4 35. Nc2 Qa4 36. Qc4 Qxc4 37. Bxc4 Ng5 38. Bd3 Nf6 39. Ba7 Ngxe4 40.
Bb8 Nc3 41. Bxc7 Bxb5 42. Nb4 Bxd3 43. Nxd3 Nb5 44. Ba5 Nxd5 45. Kf2 Nd4 46. g4
Kf6 47. Kg3 Nb3 48. Be1 Nc5 49. Nb2 Nf4 50. Ba5 d5 51. Bb6 Ncd3 52. Nd1 d4 53.
Kf3 Nd5 54. Ba5 Ke6 0-1

[Event "Bundesliga 9495"]
[Site "Deutschland"]
[Date "1995.??.??"]
[Round "?.3"]
[White "Kraut, Rainer"]
[Black "Roos, Daniel"]
[Result "1-0"]
[WhiteElo "2420"]
[BlackElo "2450"]
[PlyCount "81"]
[EventDate "1994.10.??"]
[EventType "team"]
[EventRounds "15"]
[EventCountry "GER"]
[SourceTitle "Bundesliga 9495"]
[Source "DeepChess"]
[SourceDate "2005.01.01"]
[SourceVersion "1"]
[SourceVersionDate "2005.01.01"]
[SourceQuality "1"]
[WhiteTeam "SV Tuebingen 1870 e.V."]
[BlackTeam "SK Zaehringen 1921"]
[WhiteTeamCountry "GER"]
[BlackTeamCountry "GER"]

1. e4 c6 2. d4 d5 3. exd5 cxd5 4. c4 Nf6 5. Nc3 e6 6. Nf3 Bb4 7. cxd5 Nxd5 8.
Bd2 Nc6 9. a3 Be7 10. Bd3 O-O 11. O-O Nxc3 12. bxc3 Bf6 13. Re1 b6 14. h4 Bb7
15. Ng5 Bxg5 16. Bxg5 Qd6 17. Qh5 f5 18. Bc4 Rae8 19. Ba2 Nb8 20. Re5 Nd7 21.
Rxf5 Qc6 22. d5 Qxc3 23. Rc1 Qxc1+ 24. Bxc1 exf5 25. d6+ Kh8 26. Bb2 Re1+ 27.
Kh2 Re4 28. Qg5 Rf6 29. Bxf6 Nxf6 30. f3 Rd4 31. Qe3 Rxh4+ 32. Kg1 Bc6 33. Qe7
h5 34. Qxa7 b5 35. Be6 Ra4 36. Qb8+ Kh7 37. Bxf5+ Kh6 38. Bc2 Ra8 39. Qb6 Bd5
40. Qe3+ g5 41. Qe7 1-0

[Event "Bundesliga 9495"]
[Site "Deutschland"]
[Date "1995.??.??"]
[Round "?.4"]
[White "Mann, Christian"]
[Black "Palkovi, Jozsef"]
[Result "0-1"]
[WhiteElo "2450"]
[BlackElo "2420"]
[PlyCount "80"]
[EventDate "1994.10.??"]
[EventType "team"]
[EventRounds "15"]
[EventCountry "GER"]
[SourceTitle "Bundesliga 9495"]
[Source "DeepChess"]
[SourceDate "2005.01.01"]
[SourceVersion "1"]
[SourceVersionDate "2005.01.01"]
[SourceQuality "1"]
[WhiteTeam "SK Zaehringen 1921"]
[BlackTeam "SV Tuebingen 1870 e.V."]
[WhiteTeamCountry "GER"]
[BlackTeamCountry "GER"]

1. e4 d5 2. exd5 Nf6 3. d4 Nxd5 4. Nf3 g6 5. Be2 Bg7 6. O-O O-O 7. c4 Nb6 8.
Be3 Nc6 9. h3 e5 10. d5 Ne7 11. Nc3 h6 12. a4 Nf5 13. Bc5 Re8 14. Ne4 Nd7 15.
Ba3 Nf6 16. Bd3 Nxe4 17. Bxe4 Nd6 18. Nd2 Nxe4 19. Nxe4 Qh4 20. Re1 f5 21. d6
Be6 22. Nc5 cxd6 23. Nxe6 Rxe6 24. Qd5 Rae8 25. Bxd6 e4 26. c5 Kh8 27. Ra3 f4
28. g3 fxg3 29. Rxg3 Bxb2 30. Qxb7 Bd4 31. Qd5 Qf6 32. Re2 e3 33. f4 Rd8 34.
Qc4 Re4 35. Be5 Rxe5 36. fxe5 Bxe5 37. Rgxe3 Rd1+ 38. Re1 Rxe1+ 39. Rxe1 Bd4+
40. Kh1 Qf3+ 0-1

[Event "Bundesliga 9495"]
[Site "Deutschland"]
[Date "1995.??.??"]
[Round "?.5"]
[White "Zeller, Frank"]
[Black "Schmaltz, Roland"]
[Result "1-0"]
[WhiteElo "2350"]
[BlackElo "2450"]
[PlyCount "119"]
[EventDate "1994.10.??"]
[EventType "team"]
[EventRounds "15"]
[EventCountry "GER"]
[SourceTitle "Bundesliga 9495"]
[Source "DeepChess"]
[SourceDate "2005.01.01"]
[SourceVersion "1"]
[SourceVersionDate "2005.01.01"]
[SourceQuality "1"]
[WhiteTeam "SV Tuebingen 1870 e.V."]
[BlackTeam "SK Zaehringen 1921"]
[WhiteTeamCountry "GER"]
[BlackTeamCountry "GER"]

1. d4 d6 2. c4 g6 3. Nc3 Bg7 4. e4 Nf6 5. Nge2 O-O 6. Ng3 e5 7. d5 a5 8. Be2
Na6 9. h4 c6 10. h5 cxd5 11. cxd5 Bd7 12. Be3 Nc5 13. a4 b6 14. Ra3 Ne8 15. Bb5
Bc8 16. Qd2 Nc7 17. Bc6 Rb8 18. Kf1 Qe7 19. Kg1 Bf6 20. Nb5 N7a6 21. Bh6 Rd8
22. Rf3 Bd7 23. Na7 Nb4 24. Bxd7 Rxd7 25. Nc6 Nxc6 26. dxc6 Rc7 27. Qd5 Kh8 28.
Rh3 Ne6 29. Ne2 Bg5 30. hxg6 fxg6 31. Rc3 Bxh6 32. Rxh6 Ng5 33. Rg3 Kg7 34. Rh1
Rbc8 35. f4 Nf7 36. Rgh3 h6 37. Rc3 exf4 38. Nxf4 Ng5 39. Rh4 Qe5 40. Rg4 Kh7
41. Rxg5 Qxg5 42. Ne6 Qh4 43. Rh3 Qe7 44. Ng5+ Kg7 45. Ne6+ Kh7 46. Ng5+ Kg7
47. Ne6+ Kh7 48. Nxc7 Rxc7 49. Rb3 Qf6 50. Rxb6 Qf4 51. Rb7 Qe3+ 52. Kf1 Qc1+
53. Kf2 Rxb7 54. cxb7 Qxb2+ 55. Kg3 Kg7 56. Qb5 Qc3+ 57. Kh2 Qe1 58. Qd7+ Kf6
59. Qxd6+ Kf7 60. Qf4+ 1-0

[Event "Bundesliga 9495"]
[Site "Deutschland"]
[Date "1995.??.??"]
[Round "?.6"]
[White "Vatter, Hans Joachim"]
[Black "Werner, Marc"]
[Result "1/2-1/2"]
[WhiteElo "2345"]
[BlackElo "2360"]
[PlyCount "36"]
[EventDate "1994.10.??"]
[EventType "team"]
[EventRounds "15"]
[EventCountry "GER"]
[SourceTitle "Bundesliga 9495"]
[Source "DeepChess"]
[SourceDate "2005.01.01"]
[SourceVersion "1"]
[SourceVersionDate "2005.01.01"]
[SourceQuality "1"]
[WhiteTeam "SK Zaehringen 1921"]
[BlackTeam "SV Tuebingen 1870 e.V."]
[WhiteTeamCountry "GER"]
[BlackTeamCountry "GER"]

1. e4 c5 2. Nf3 d6 3. d4 cxd4 4. Nxd4 Nf6 5. Nc3 Nc6 6. Bg5 e6 7. Qd2 Be7 8.
Nb3 O-O 9. O-O-O Qb6 10. f4 Rd8 11. Bxf6 Bxf6 12. g4 Qb4 13. Bd3 Bd7 14. Nb1
Qxd2+ 15. N1xd2 Nb4 16. Kb1 Rac8 17. Nf3 g6 18. Rhe1 Ba4 1/2-1/2

[Event "Bundesliga 9495"]
[Site "Deutschland"]
[Date "1995.??.??"]
[Round "?.7"]
[White "Dutschak, Hauke"]
[Black "Weindl, Alfred"]
[Result "1/2-1/2"]
[WhiteElo "2240"]
[BlackElo "2385"]
[PlyCount "81"]
[EventDate "1994.10.??"]
[EventType "team"]
[EventRounds "15"]
[EventCountry "GER"]
[SourceTitle "Bundesliga 9495"]
[Source "DeepChess"]
[SourceDate "2005.01.01"]
[SourceVersion "1"]
[SourceVersionDate "2005.01.01"]
[SourceQuality "1"]
[WhiteTeam "SV Tuebingen 1870 e.V."]
[BlackTeam "SK Zaehringen 1921"]
[WhiteTeamCountry "GER"]
[BlackTeamCountry "GER"]

1. e4 c5 2. c3 Nf6 3. e5 Nd5 4. d4 cxd4 5. Qxd4 e6 6. Bc4 Nc6 7. Qe4 f5 8. Qe2
Nc7 9. Nf3 Be7 10. Nbd2 O-O 11. Nb3 b6 12. h4 a6 13. Bg5 b5 14. Bd3 Nd5 15. O-O
h6 16. Bd2 Nb6 17. Be3 Rb8 18. Rfd1 Nd5 19. c4 Nxe3 20. Qxe3 Bxh4 21. cxb5 axb5
22. Qe2 b4 23. Bb5 Qe7 24. Rd6 Bg5 25. Rad1 Qf7 26. Nxg5 hxg5 27. Bxc6 dxc6 28.
Nc5 g4 29. R1d4 Qe7 30. Qc4 Re8 31. Nd7 Bxd7 32. Rxd7 Qg5 33. R4d6 Kh7 34. Rxc6
Rbd8 35. Rcc7 Rxd7 36. Rxd7 g3 37. fxg3 Qxg3 38. Qe2 Rc8 39. Qh5+ Kg8 40. Qf7+
Kh7 41. Qh5+ 1/2-1/2